00457nam a22001577a 4500008004100000020001800041040005500059080001500114100001900129245003500148260004000183300001600223650001700239653002000256700002300276230425b |||||||| |||| 00| 0 eng d a0-471-22371-9 aNational Science LibrarycNational Science Library a523.72bL41 aDuffie, John A aSolar energy thermal processes aLondon: bJohn Wiley & Sons, c1974 axvii, 386p. aSolar energy aSolar radiation aBeckman, William A